[Event "BPB Limburg open B"]
[Site "Maastricht"]
[Date "2015.05.22"]
[Round "1"]
[White "Van den Berg, Jaap"]
[Black "Feltman, Bart"]
[Result "0-1"]
[WhiteElo "1858"]
[BlackElo "1806"]
[PlyCount "116"]
[EventDate "2015.05.22"]
[EventType "swiss"]
[EventRounds "7"]
[EventCountry "NED"]
[Source "P.Boonen"]
[SourceDate "2015.10.01"]

1. e4 e6 2. Qe2 c5 3. Nf3 Nc6 4. g3 Be7 5. Bg2 Nf6 6. O-O O-O 7. d3 d5 8. c3 b6
9. b3 Ba6 10. exd5 exd5 11. Qc2 Qc7 12. Bf4 Bd6 13. Bxd6 Qxd6 14. Re1 Rae8 15.
Nbd2 Ne5 16. Nxe5 Rxe5 17. Rxe5 Qxe5 18. Nf3 Qf5 19. Ne1 Re8 20. Qd2 Ng4 21.
Rd1 Qe6 22. Bf1 Bb7 23. d4 Nf6 24. Rc1 Ne4 25. Qd3 Qf6 26. Nf3 Ba6 27. Qe3 Bxf1
28. Rxf1 Qf5 29. Nd2 Re6 30. Nxe4 Qxe4 31. Qxe4 Rxe4 32. dxc5 bxc5 33. Rd1 d4
34. cxd4 cxd4 35. f3 Re2 36. Rxd4 g6 37. Ra4 Re7 38. Kf2 f5 39. Rc4 Kf7 40. a4
Kf6 41. b4 Ke6 42. a5 Kd5 43. Rc5+ Kd4 44. Rb5 Kd3 45. Rb8 Re2+ 46. Kg1 Rb2 47.
b5 Ke3 48. b6 a6 49. Re8+ Kxf3 50. Kf1 Rxh2 51. Ke1 Rb2 52. Re7 Kxg3 53. Rxh7
g5 54. Kd1 f4 55. Kc1 Rb5 56. Kd2 f3 57. b7 f2 58. Rf7 Rxb7 0-1

[Event "BPB Limburg open B"]
[Site "Maastricht"]
[Date "2015.05.22"]
[Round "1"]
[White "Van den Bos, Frans Pieter"]
[Black "Cillen, Jeroen"]
[Result "1-0"]
[WhiteElo "1959"]
[BlackElo "1882"]
[PlyCount "173"]
[EventDate "2015.05.22"]
[EventType "swiss"]
[EventRounds "7"]
[EventCountry "NED"]
[Source "P.Boonen"]
[SourceDate "2015.10.01"]

1. c4 e5 2. Nc3 Nf6 3. e4 Nc6 4. g3 Bc5 5. Bg2 d6 6. h3 a6 7. d3 h6 8. Nge2 O-O
9. O-O Be6 10. Kh2 Nd4 11. f4 c6 12. f5 Bc8 13. g4 Nh7 14. Nxd4 Bxd4 15. Qe1 b5
16. Ne2 Ba7 17. Qg3 Bb7 18. h4 f6 19. Ng1 Bxg1+ 20. Rxg1 Kf7 21. Bf3 Rh8 22.
Be3 c5 23. b3 b4 24. a4 Qe7 25. Kg2 Rag8 26. Kf2 Ke8 27. Rg2 Bc8 28. Rag1 Qf8
29. g5 hxg5 30. hxg5 Qe7 31. g6 Nf8 32. Rh2 Rxh2+ 33. Qxh2 Kd8 34. Rh1 Bd7 35.
Qg2 Be8 36. Rh3 Nd7 37. Qh2 Qf8 38. Rh7 a5 39. Ke2 Kc8 40. Bh6 gxh6 41. g7 Rxg7
42. Rxh6 Kd8 43. Qh4 Qe7 44. Rh8 Kc7 45. Rh6 Rg5 46. Rh7 Qf8 47. Rh8 Rg8 48.
Rh6 Rg1 49. Rh8 Qe7 50. Rh7 Rg7 51. Rh6 Qd8 52. Rh8 Rf7 53. Rh6 Rf8 54. Rh7 Kc8
55. Kf2 Rg8 56. Rh6 Rg5 57. Rh8 Qe7 58. Bh5 Nf8 59. Bxe8 Qxe8 60. Qh6 Kc7 61.
Rxf8 Qe7 62. Qxf6 Qxf6 63. Rxf6 Kd7 64. Rh6 Rg7 65. Rh8 Kc7 66. Ra8 Kb6 67. Rh8
Kc7 68. Rh6 Kd7 69. Kf3 Rg1 70. Rh7+ Ke8 71. Ra7 Rd1 72. Ke2 Rb1 73. Rxa5 Rxb3
74. Rb5 Ra3 75. a5 Kf7 76. Kd2 Kf6 77. Rb6 Ke7 78. a6 Ra1 79. Rb7+ Kf6 80. a7
Ra3 81. Kc2 Ra1 82. Kb2 Ra3 83. Rh7 Ra5 84. Rh6+ Ke7 85. Rh8 d5 86. a8=Q Rxa8
87. Rxa8 1-0

[Event "BPB Limburg open B"]
[Site "Maastricht"]
[Date "2015.05.22"]
[Round "1"]
[White "Van der Valk, Reiner"]
[Black "Bosboom, Ardin"]
[Result "0-1"]
[WhiteElo "1759"]
[BlackElo "1839"]
[PlyCount "68"]
[EventDate "2015.05.22"]
[EventType "swiss"]
[EventRounds "7"]
[EventCountry "NED"]
[Source "P.Boonen"]
[SourceDate "2015.10.01"]

1. e4 g6 2. d4 Bg7 3. Nf3 d6 4. Nc3 a6 5. Be3 b5 6. a3 Bb7 7. Bd3 Nd7 8. Qd2 c5
9. O-O Ngf6 10. b3 Rc8 11. Bg5 cxd4 12. Ne2 Nxe4 13. Bxe4 Bxe4 14. Nfxd4 h6 15.
Be3 e5 16. Nf3 Rxc2 17. Qd1 Qc7 18. Ne1 Rc6 19. Rc1 Rxc1 20. Nxc1 O-O 21. Ned3
f5 22. f4 Nf6 23. Nb2 Bb7 24. Nbd3 Ng4 25. Bd2 Qb6+ 26. Kh1 e4 27. h3 Nf6 28.
Nb4 e3 29. Be1 d5 30. Ncd3 Ne4 31. Ne5 Bxe5 32. fxe5 d4 33. Nd3 Qc6 34. Nb4
Ng3+ 0-1

[Event "BPB Limburg open B"]
[Site "Maastricht"]
[Date "2015.05.22"]
[Round "1"]
[White "Veelenturf, Wim"]
[Black "Rutten, David"]
[Result "1/2-1/2"]
[WhiteElo "1712"]
[BlackElo "1826"]
[PlyCount "43"]
[EventDate "2015.05.22"]
[EventType "swiss"]
[EventRounds "7"]
[EventCountry "NED"]
[Source "P.Boonen"]
[SourceDate "2015.10.01"]

1. e4 c5 2. c3 Nf6 3. d3 Nc6 4. Nf3 d6 5. Be2 g6 6. O-O Bg7 7. Bf4 e5 8. Bg3
O-O 9. Nfd2 Be6 10. Kh1 Qd7 11. a3 a5 12. a4 d5 13. Na3 Rad8 14. Qc2 Rfe8 15.
Rfd1 Qc8 16. Rac1 h6 17. Nf1 Re7 18. Ne3 Ng4 19. Nxg4 Bxg4 20. Bxg4 Qxg4 21. f3
Qe6 22. Nb5 1/2-1/2

[Event "BPB Limburg open B"]
[Site "Maastricht"]
[Date "2015.05.22"]
[Round "1"]
[White "Visse, Bernard"]
[Black "Kuijpers, Domien"]
[Result "1/2-1/2"]
[WhiteElo "1723"]
[BlackElo "1830"]
[PlyCount "30"]
[EventDate "2015.05.22"]
[EventType "swiss"]
[EventRounds "7"]
[EventCountry "NED"]
[Source "P.Boonen"]
[SourceDate "2015.10.01"]

1. d4 d5 2. Bf4 Nf6 3. e3 e6 4. Nd2 Bd6 5. Bg3 O-O 6. Bd3 Re8 7. Ngf3 b6 8. Ne5
Bb7 9. c3 a6 10. Ndf3 Nbd7 11. Bh4 Nf8 12. g4 Be7 13. Bg3 Ne4 14. Nd2 Nd6 15.
f4 Nc4 1/2-1/2

[Event "BPB Limburg open B"]
[Site "Maastricht"]
[Date "2015.05.22"]
[Round "1"]
[White "Wedda, Dries"]
[Black "Kastelein, Gerard"]
[Result "1/2-1/2"]
[WhiteElo "1674"]
[BlackElo "1816"]
[PlyCount "69"]
[EventDate "2015.05.22"]
[EventType "swiss"]
[EventRounds "7"]
[EventCountry "NED"]
[Source "P.Boonen"]
[SourceDate "2015.10.01"]

1. d4 Nc6 2. c4 e5 3. d5 Nce7 4. e4 Ng6 5. Bd3 Nf6 6. Ne2 Bc5 7. O-O Ng4 8. h3
Nf6 9. Nd2 d6 10. b4 Bb6 11. Nb3 c6 12. Bd2 O-O 13. a4 cxd5 14. cxd5 a6 15. Bg5
h6 16. Bxf6 Qxf6 17. Nd2 Nh4 18. Ng3 Qg5 19. Kh2 Qf4 20. Qe2 f5 21. Rac1 Bd7
22. a5 Bd8 23. Qe3 Bg5 24. Qxf4 Bxf4 25. Rc7 Ba4 26. Nc4 Bb5 27. Kg1 Bxc4 28.
Rxc4 Rac8 29. Rxc8 Rxc8 30. Nxf5 Nxf5 31. exf5 Bd2 32. Rb1 Rc3 33. Bf1 Rc1 34.
Rxc1 Bxc1 35. b5 1/2-1/2

[Event "BPB Limburg open B"]
[Site "Maastricht"]
[Date "2015.05.22"]
[Round "1"]
[White "Westerweele, Henrik"]
[Black "Corneth, Erik"]
[Result "1-0"]
[WhiteElo "1906"]
[BlackElo "1984"]
[PlyCount "101"]
[EventDate "2015.05.22"]
[EventType "swiss"]
[EventRounds "7"]
[EventCountry "NED"]
[Source "P.Boonen"]
[SourceDate "2015.10.01"]

1. e4 Nf6 2. e5 Nd5 3. d4 d6 4. exd6 exd6 5. c4 Nb6 6. Nc3 Be7 7. Bd3 Nc6 8.
Nf3 Bg4 9. Be3 O-O 10. b3 a5 11. O-O a4 12. Be2 axb3 13. axb3 Rxa1 14. Qxa1 Bf6
15. Ne4 Re8 16. Nxf6+ Qxf6 17. Qc3 h6 18. Rc1 Ne7 19. h3 Bh5 20. d5 Qxc3 21.
Rxc3 Nd7 22. g4 Bg6 23. Nd4 c6 24. dxc6 bxc6 25. Bf3 Ne5 26. Bg2 c5 27. Nb5 Nc8
28. f4 Nd3 29. f5 Rxe3 30. Bf1 Bh7 31. Rxd3 Rxd3 32. Bxd3 g6 33. Kf2 gxf5 34.
Bxf5 Bxf5 35. gxf5 Kg7 36. Ke3 Kf6 37. Kf4 Kg7 38. Ke4 Kf6 39. h4 h5 40. Kf4
Nb6 41. Nxd6 Nd7 42. Ne4+ Kg7 43. Kg5 f6+ 44. Kxh5 Kh7 45. Nd6 Kg7 46. Nb7 Kh7
47. Nd8 Ne5 48. Ne6 Nd3 49. Kg4 Kh6 50. Kf3 Kh5 51. Ke4 1-0

[Event "BPB Limburg open B"]
[Site "Maastricht"]
[Date "2015.05.22"]
[Round "1"]
[White "Willockx, Ritsaart"]
[Black "Roufs, Gerard"]
[Result "1-0"]
[WhiteElo "1908"]
[BlackElo "1986"]
[PlyCount "113"]
[EventDate "2015.05.22"]
[EventType "swiss"]
[EventRounds "7"]
[EventCountry "NED"]
[Source "P.Boonen"]
[SourceDate "2015.10.01"]

1. b3 e5 2. Bb2 Nc6 3. e3 Nf6 4. Bb5 Bd6 5. Ne2 a6 6. Bxc6 dxc6 7. O-O Bg4 8.
f3 Bh5 9. Ng3 Bg6 10. f4 exf4 11. exf4 h5 12. Nc3 h4 13. Nge4 Qd7 14. Nxd6+
cxd6 15. Re1+ Kf8 16. Qf3 h3 17. g3 Kg8 18. d3 d5 19. Na4 Bh5 20. Qf2 Qd6 21.
Nc5 b6 22. Na4 c5 23. Bxf6 Qxf6 24. Re5 Bg4 25. Rae1 Rh5 26. Rxh5 Bxh5 27. Re5
Bg4 28. Qe3 Bd7 29. Nc3 d4 30. Qe4 Bc6 31. Nd5 Bxd5 32. Rxd5 Rd8 33. Rf5 Qd6
34. Re5 Qd7 35. f5 Qd6 36. Kf2 Qh6 37. Kf3 Qd2 38. Qe2 Qg5 39. g4 Qh4 40. Qf2
Qh6 41. Kg3 Qc6 42. Kxh3 Re8 43. Rxe8+ Qxe8 44. Kg2 b5 45. h4 Qe5 46. g5 Qd5+
47. Qf3 Qe5 48. g6 Qe8 49. h5 Qd8 50. Qf4 Qe8 51. Kf2 Qf8 52. Qe5 Qd8 53. Kf3
c4 54. Ke4 cxb3 55. cxb3 fxg6 56. hxg6 Qh4+ 57. Kd5 1-0

[Event "BPB Limburg open B"]
[Site "Maastricht"]
[Date "2015.05.22"]
[Round "1"]
[White "Zyla, Lennert"]
[Black "De Mon, Gino"]
[Result "0-1"]
[WhiteElo "1805"]
[BlackElo "1855"]
[PlyCount "108"]
[EventDate "2015.05.22"]
[EventType "swiss"]
[EventRounds "7"]
[EventCountry "NED"]
[Source "P.Boonen"]
[SourceDate "2015.10.01"]

1. e4 c5 2. Nf3 g6 3. d4 cxd4 4. Nxd4 Nc6 5. Be3 Bg7 6. Nc3 Nf6 7. Be2 O-O 8.
O-O d5 9. exd5 Nxd5 10. Nxd5 Qxd5 11. c4 Qa5 12. Nb3 Qc7 13. Qc1 Rd8 14. Bh6
Be5 15. h3 Bf5 16. Bd2 Bf6 17. Bc3 e5 18. Rd1 Nd4 19. Bxd4 exd4 20. Bd3 Bd7 21.
Nd2 Bc6 22. Ne4 Bxe4 23. Bxe4 Re8 24. Qc2 Re7 25. Qd3 Rae8 26. Re1 Qf4 27. Qf3
Rxe4 28. Rxe4 Rxe4 29. Qxf4 Rxf4 30. Rd1 Re4 31. Rd3 Re1+ 32. Kh2 Re2 33. Rb3
Be5+ 34. g3 Rxf2+ 35. Kg1 Rc2 36. Rxb7 d3 37. Rd7 d2 38. Kf1 Bxb2 39. c5 Rc1+
40. Ke2 d1=Q+ 41. Rxd1 Rxd1 42. Kxd1 Be5 43. Kc2 Bxg3 44. Kb3 Bc7 45. Kc4 f5
46. Kb5 f4 47. Kc6 Bb8 48. Kb7 Be5 49. Kxa7 f3 50. c6 f2 51. a4 f1=Q 52. a5 Qb5
53. c7 Bxc7 54. a6 Qb8# 0-1

[Event "BPB Limburg open B"]
[Site "Maastricht"]
[Date "2015.05.23"]
[Round "2"]
[White "Arns, Danny"]
[Black "Van den Akker, Guus"]
[Result "1/2-1/2"]
[WhiteElo "1841"]
[BlackElo "1753"]
[PlyCount "37"]
[EventDate "2015.05.22"]
[EventType "swiss"]
[EventRounds "7"]
[EventCountry "NED"]
[Source "P.Boonen"]
[SourceDate "2015.10.01"]

1. e4 e6 2. d4 d5 3. e5 c5 4. c3 Nc6 5. Nf3 Bd7 6. Bd3 cxd4 7. cxd4 Qb6 8. O-O
Nxd4 9. Nbd2 Nxf3+ 10. Nxf3 Nh6 11. a3 Bb5 12. Bxh6 gxh6 13. Bxb5+ Qxb5 14. Nd4
Qb6 15. Qa4+ Kd8 16. Rac1 Bg7 17. Rfe1 Rc8 18. Rxc8+ Kxc8 19. Re2 1/2-1/2

[Event "BPB Limburg open B"]
[Site "Maastricht"]
[Date "2015.05.23"]
[Round "2"]
[White "Bekedam, Tyro"]
[Black "Bulthuis, Jelle"]
[Result "1-0"]
[WhiteElo "1879"]
[BlackElo "1852"]
[PlyCount "113"]
[EventDate "2015.05.22"]
[EventType "swiss"]
[EventRounds "7"]
[EventCountry "NED"]
[Source "P.Boonen"]
[SourceDate "2015.10.01"]

1. e4 e5 2. Nf3 Nc6 3. d4 exd4 4. Nxd4 Nf6 5. Nc3 Bb4 6. Nxc6 bxc6 7. Bd3 d5 8.
exd5 cxd5 9. O-O O-O 10. Bg5 c6 11. h3 Bd6 12. Qf3 Rb8 13. Rab1 h6 14. Bf4 Qc7
15. Bxh6 Rb4 16. Bg5 Nh7 17. Bd2 Rh4 18. Ne2 Bg4 19. Qe3 Nf6 20. f4 Re8 21. Qf2
Rh8 22. Nd4 Bd7 23. Rbe1 c5 24. Rxe8+ Bxe8 25. Nf5 Bf8 26. c3 Bc6 27. Be3 Bb7
28. Qg3 Ne4 29. Bxe4 dxe4 30. Rd1 Ba6 31. Rd5 g6 32. Nh4 Bc4 33. Re5 Bxa2 34.
Rxe4 Bb1 35. Re5 Bd6 36. Re8+ Kg7 37. Rxh8 Kxh8 38. Qg5 Qe7 39. Qxe7 Bxe7 40.
Nf3 f6 41. Nd2 Bd3 42. Nb3 c4 43. Nc1 Be4 44. Bxa7 Kg7 45. Kf2 Bd6 46. g3 g5
47. fxg5 fxg5 48. Ne2 Bf5 49. g4 Be6 50. Nd4 Bd7 51. Ke3 Bf4+ 52. Ke4 Bc1 53.
b4 cxb3 54. Nxb3 Bc6+ 55. Kf5 Bf4 56. Nd4 Bd2 57. Nxc6 1-0

[Event "BPB Limburg open B"]
[Site "Maastricht"]
[Date "2015.05.23"]
[Round "2"]
[White "Beranek, Tomas"]
[Black "Ploumen, Ralf"]
[Result "1/2-1/2"]
[WhiteElo "1803"]
[BlackElo "1673"]
[PlyCount "87"]
[EventDate "2015.05.22"]
[EventType "swiss"]
[EventRounds "7"]
[EventCountry "NED"]
[Source "P.Boonen"]
[SourceDate "2015.10.01"]

1. d4 g6 2. c4 Bg7 3. Nf3 c5 4. e3 Nf6 5. g3 O-O 6. Bg2 d5 7. cxd5 cxd4 8. Nxd4
Nxd5 9. O-O Nc6 10. Nxc6 bxc6 11. Qc2 Qb6 12. Bxd5 cxd5 13. Nc3 Rd8 14. b3 Bf5
15. Qd2 d4 16. exd4 Rxd4 17. Qe1 Bd3 18. Bb2 Bxf1 19. Qxf1 Qb7 20. Nb5 Rd5 21.
Bxg7 Kxg7 22. Nc3 Rd2 23. Qe1 Rad8 24. Ne4 R2d4 25. Nc3 Qf3 26. Rc1 e6 27. Qe5+
Kg8 28. Qc7 R8d7 29. Qb8+ Kg7 30. Qe5+ Qf6 31. Qe1 h5 32. Nb5 Rd2 33. Nc3 h4
34. Ne4 Qd4 35. Nxd2 Qxd2 36. a4 Qxe1+ 37. Rxe1 hxg3 38. hxg3 Rb7 39. Re3 Rb4
40. Rc3 Kf6 41. Rc7 a5 42. Rc5 Rxb3 43. Rxa5 Ra3 44. Ra8 1/2-1/2

[Event "BPB Limburg open B"]
[Site "Maastricht"]
[Date "2015.05.23"]
[Round "2"]
[White "Bettman, Jan"]
[Black "Van Loy, Rick"]
[Result "1-0"]
[WhiteElo "1870"]
[BlackElo "1966"]
[PlyCount "97"]
[EventDate "2015.05.22"]
[EventType "swiss"]
[EventRounds "7"]
[EventCountry "NED"]
[Source "P.Boonen"]
[SourceDate "2015.10.01"]

1. e4 e5 2. f4 d5 3. Nf3 dxe4 4. Nxe5 Nd7 5. d4 exd3 6. Bxd3 Nxe5 7. fxe5 Be6
8. Nc3 c6 9. Be3 Nh6 10. Qe2 Ng4 11. Bf4 Qd4 12. Rf1 Bb4 13. Kd2 O-O-O 14. h3
Nh6 15. a3 Ba5 16. Bh2 Kb8 17. Rf4 Qd7 18. Raf1 Rhe8 19. Kc1 Bxc3 20. bxc3 Ka8
21. Bg1 Qc7 22. Ra4 b6 23. Rff4 Bd5 24. c4 Rxe5 25. Bxb6 Qxb6 26. Qxe5 Bxg2 27.
Qe7 Qb8 28. c5 Rc8 29. Rab4 Qc7 30. Qxc7 Rxc7 31. h4 f6 32. Bxh7 Bh3 33. Rfd4
Nf7 34. Bg6 Ne5 35. Be4 Be6 36. Rd6 Bh3 37. Kd2 a6 38. Ke2 Bg4+ 39. Kf2 Ka7 40.
Kg3 Bd7 41. h5 Nf7 42. Rd1 Ng5 43. Rbd4 Be6 44. Bg2 Bf5 45. Kf2 Bxc2 46. Re1
Bb3 47. Rd6 Nf7 48. Rxc6 Rd7 49. Rc8 1-0

[Event "BPB Limburg open B"]
[Site "Maastricht"]
[Date "2015.05.23"]
[Round "2"]
[White "Beukema, Jasper"]
[Black "Goes, Dirk"]
[Result "1-0"]
[WhiteElo "1933"]
[BlackElo "1936"]
[PlyCount "83"]
[EventDate "2015.05.22"]
[EventType "swiss"]
[EventRounds "7"]
[EventCountry "NED"]
[Source "P.Boonen"]
[SourceDate "2015.10.01"]

1. d4 e6 2. e4 d5 3. Nc3 dxe4 4. Nxe4 Nf6 5. Bg5 Be7 6. Bxf6 gxf6 7. Nf3 f5 8.
Nc3 Nd7 9. Bb5 c6 10. Be2 Bf6 11. Qd3 O-O 12. h3 b5 13. g4 b4 14. Nd1 f4 15.
Qe4 Bg7 16. Bd3 Nf6 17. Qxf4 a5 18. g5 Nd5 19. Qh4 f5 20. gxf6 Nxf6 21. Ne3 Ba6
22. O-O-O Bxd3 23. Rxd3 Nd5 24. Qg4 Nf4 25. Rd2 Qf6 26. Ne5 Rad8 27. Nxc6 Rd6
28. Ne5 Rfd8 29. Nf3 Rxd4 30. Nxd4 Rxd4 31. Rxd4 Qxd4 32. Nd1 a4 33. Qf3 a3 34.
bxa3 Qa1+ 35. Kd2 Bh6 36. axb4 Qxa2 37. Ne3 Qa7 38. Rg1+ Kf8 39. Qe4 Qd7+ 40.
Ke1 Qc7 41. Qd4 e5 42. Qc5+ 1-0

[Event "BPB Limburg open B"]
[Site "Maastricht"]
[Date "2015.05.23"]
[Round "2"]
[White "Bojanowski, Roman"]
[Black "Uckerman, John"]
[Result "1-0"]
[WhiteElo "1919"]
[BlackElo "1705"]
[PlyCount "73"]
[EventDate "2015.05.22"]
[EventType "swiss"]
[EventRounds "7"]
[EventCountry "NED"]
[Source "P.Boonen"]
[SourceDate "2015.10.01"]

1. e4 d6 2. d4 Nf6 3. f3 Nbd7 4. c4 e5 5. d5 c6 6. Nc3 h6 7. Be3 Be7 8. Qd2 a6
9. Bd3 c5 10. Nge2 Nh5 11. g3 Bg5 12. O-O-O Bxe3 13. Qxe3 Nhf6 14. h4 Qa5 15.
g4 Nf8 16. Rdg1 Bd7 17. g5 Nh5 18. f4 Ng6 19. f5 Ngf4 20. Bb1 b5 21. Nxf4 Nxf4
22. Ne2 Nxe2+ 23. Qxe2 bxc4 24. gxh6 gxh6 25. Qxc4 Rb8 26. Rg2 Rb4 27. Qe2 Qb6
28. Rh3 c4 29. Rc3 Bb5 30. Qg4 Rf8 31. Qg7 h5 32. Qg5 Bd7 33. Qxh5 Qd4 34. Qe2
a5 35. h5 Kd8 36. h6 Bb5 37. h7 1-0

[Event "BPB Limburg open B"]
[Site "Maastricht"]
[Date "2015.05.23"]
[Round "2"]
[White "Boom, Harrie"]
[Black "Van Dael, Siem"]
[Result "0-1"]
[WhiteElo "1780"]
[BlackElo "1813"]
[PlyCount "66"]
[EventDate "2015.05.22"]
[EventType "swiss"]
[EventRounds "7"]
[EventCountry "NED"]
[Source "P.Boonen"]
[SourceDate "2015.10.01"]

1. d4 Nf6 2. c4 g6 3. Nc3 Bg7 4. e4 d6 5. Nf3 O-O 6. Be2 e5 7. d5 Nbd7 8. Bg5
h6 9. Bh4 Qe8 10. b4 a6 11. O-O Nh5 12. Nd2 Nf4 13. f3 f5 14. Nb3 Nf6 15. Rc1
g5 16. Bf2 Nxe2+ 17. Qxe2 f4 18. c5 g4 19. Nd2 Qg6 20. fxg4 Bxg4 21. Nf3 Rf7
22. Kh1 Bf8 23. cxd6 cxd6 24. Rg1 Rg7 25. Bh4 Nh7 26. Qf2 Ng5 27. Bxg5 hxg5 28.
h3 Rh7 29. Nh2 Bd7 30. g3 f3 31. Qxf3 Rxh3 32. Rg2 Bh6 33. Kg1 g4 0-1

[Event "BPB Limburg open B"]
[Site "Maastricht"]
[Date "2015.05.23"]
[Round "2"]
[White "Boudry, William"]
[Black "Frijling, Jeroen"]
[Result "0-1"]
[WhiteElo "1711"]
[BlackElo "1836"]
[PlyCount "74"]
[EventDate "2015.05.22"]
[EventType "swiss"]
[EventRounds "7"]
[EventCountry "NED"]
[Source "P.Boonen"]
[SourceDate "2015.10.01"]

1. e4 c5 2. Nf3 Nc6 3. b4 cxb4 4. d4 d5 5. e5 Bg4 6. Be3 e6 7. Bd3 Nge7 8. O-O
Nf5 9. h3 Nxe3 10. fxe3 Bh5 11. Qe1 Bg6 12. Qg3 Be7 13. a3 Qa5 14. Nbd2 bxa3
15. Bxg6 hxg6 16. c4 a2 17. cxd5 Qxd5 18. e4 Qa5 19. Nc4 Qa4 20. Nd6+ Bxd6 21.
exd6 Nxd4 22. Qg5 Nxf3+ 23. Rxf3 Qd4+ 24. Kh2 Qxd6+ 25. e5 Qd4 26. Rxa2 Rh5 27.
Qc1 Rxe5 28. Rd2 Rc5 29. Qd1 Qe5+ 30. g3 Rd5 31. Rxd5 Qxd5 32. Qa4+ b5 33. Qf4
Qd7 34. Qe4 Rd8 35. Rf2 a5 36. Qe5 f6 37. Qe4 Kf7 0-1

[Event "BPB Limburg open B"]
[Site "Maastricht"]
[Date "2015.05.23"]
[Round "2"]
[White "Bratuszewski, Jorden"]
[Black "Da Ces, Philippe"]
[Result "1/2-1/2"]
[WhiteElo "1859"]
[BlackElo "1976"]
[PlyCount "54"]
[EventDate "2015.05.22"]
[EventType "swiss"]
[EventRounds "7"]
[EventCountry "NED"]
[Source "P.Boonen"]
[SourceDate "2015.10.01"]

1. Nf3 d5 2. d4 Nf6 3. c4 c6 4. Qc2 g6 5. Bf4 Bf5 6. Qb3 Qb6 7. c5 Qxb3 8. axb3
Nbd7 9. Nc3 Bg7 10. e3 Ne4 11. b4 O-O 12. h3 a5 13. bxa5 Ndxc5 14. Nxe4 dxe4
15. Nd2 Nd7 16. g4 Be6 17. Nxe4 Bd5 18. f3 c5 19. Bb5 Bc6 20. Bxc6 bxc6 21.
Nxc5 Nxc5 22. dxc5 Bxb2 23. Ra2 Rxa5 24. Rxa5 Bc3+ 25. Ke2 Bxa5 26. Ra1 Bb4 27.
Rb1 Bxc5 1/2-1/2

[Event "BPB Limburg open B"]
[Site "Maastricht"]
[Date "2015.05.23"]
[Round "2"]
[White "Broekhuis, Jan"]
[Black "Bondarchuk, Vadim"]
[Result "1/2-1/2"]
[WhiteElo "1865"]
[BlackElo "2034"]
[PlyCount "120"]
[EventDate "2015.05.22"]
[EventType "swiss"]
[EventRounds "7"]
[EventCountry "NED"]
[Source "P.Boonen"]
[SourceDate "2015.10.01"]

1. e4 e5 2. Nf3 Nf6 3. d3 Nc6 4. Be2 Be7 5. O-O d6 6. Nc3 Bg4 7. Ne1 Bxe2 8.
Nxe2 Qd7 9. c4 Qg4 10. Nc2 Qh5 11. Ng3 Qxd1 12. Rxd1 g6 13. Bd2 Nd7 14. b4 Bf6
15. Rab1 Bg7 16. b5 Ne7 17. Nb4 O-O 18. f3 f5 19. Nd5 Nxd5 20. cxd5 Nc5 21. Bb4
b6 22. Ne2 fxe4 23. dxe4 Bh6 24. Bxc5 bxc5 25. Kf2 Rfb8 26. Nc3 Kf7 27. Ke2 Ke7
28. Kd3 Kd7 29. a4 Bf4 30. h3 Bg3 31. Rd2 Bh4 32. Rdb2 a6 33. b6 cxb6 34. Rxb6
Rxb6 35. Rxb6 Bf2 36. Rb7+ Kc8 37. Rxh7 Rb8 38. Rh8+ Kc7 39. Rxb8 Kxb8 40. Nd1
Bg3 41. Ne3 Kc7 42. Nc4 Bh4 43. Ke3 Bg3 44. Ke2 Bh4 45. Kf1 Bg3 46. Kg1 Kd7 47.
Kf1 Kc7 48. Ke2 Bh4 49. Ke3 Bg3 50. a5 Kd7 51. Kd3 Bh4 52. Kc3 Kc7 53. Kb3 Kd7
54. Ne3 Ke7 55. Ka4 Kf7 56. Nc4 Ke7 57. Kb3 Kd7 58. Kc2 Bf2 59. Kd2 Bh4 60. Ke2
Bg3 1/2-1/2

[Event "BPB Limburg open B"]
[Site "Maastricht"]
[Date "2015.05.23"]
[Round "2"]
[White "Cillen, Jeroen"]
[Black "Jansen, Ingeborg"]
[Result "0-1"]
[WhiteElo "1882"]
[BlackElo "1840"]
[PlyCount "70"]
[EventDate "2015.05.22"]
[EventType "swiss"]
[EventRounds "7"]
[EventCountry "NED"]
[Source "P.Boonen"]
[SourceDate "2015.10.01"]

1. e4 e5 2. Nf3 Nc6 3. d4 exd4 4. Nxd4 Bc5 5. Be3 Qf6 6. c3 Nge7 7. Qd2 a6 8.
f4 Bxd4 9. cxd4 d5 10. Nc3 dxe4 11. d5 Nb8 12. Nxe4 Qg6 13. Ng3 Qd6 14. O-O-O
Bg4 15. Ne4 Qg6 16. Re1 Nd7 17. Nc5 O-O-O 18. Nxa6 bxa6 19. h3 Bf5 20. g4 Be4
21. Qa5 Nb8 22. d6 Qxd6 23. Bc5 Qxf4+ 24. Be3 Qf6 25. Bc4 Bxh1 26. Rf1 Qc6 27.
b3 Bd5 28. Kb2 Bxc4 29. Rc1 Qf6+ 30. Ka3 Rd5 31. Qe1 Bd3 32. Bf2 Nbc6 33. b4
Bb5 34. Rc3 Rhd8 35. Bg3 Rd3 0-1

[Event "BPB Limburg open B"]
[Site "Maastricht"]
[Date "2015.05.23"]
[Round "2"]
[White "Cornelius, Jorg"]
[Black "Ouwersloot, Hans"]
[Result "1-0"]
[WhiteElo "2022"]
[BlackElo "1983"]
[PlyCount "63"]
[EventDate "2015.05.22"]
[EventType "swiss"]
[EventRounds "7"]
[EventCountry "NED"]
[Source "P.Boonen"]
[SourceDate "2015.10.01"]

1. e4 e5 2. Nf3 Nc6 3. Bb5 a6 4. Ba4 Nf6 5. d3 b5 6. Bb3 Bc5 7. c3 d6 8. O-O h6
9. Nbd2 O-O 10. h3 Qe7 11. Re1 Be6 12. Bc2 Rad8 13. Qe2 Bb6 14. Nf1 Qd7 15. Be3
Bxe3 16. Nxe3 Rde8 17. d4 exd4 18. cxd4 d5 19. e5 Ne4 20. a3 f6 21. Nxd5 fxe5
22. Nxc7 Qxc7 23. Qxe4 Bf5 24. Qd5+ Be6 25. Qe4 Bf5 26. Qd5+ Be6 27. Qc5 Rxf3
28. gxf3 Qd7 29. dxe5 Nd4 30. Red1 Nxf3+ 31. Kh1 Bd5 32. Qxd5+ 1-0

[Event "BPB Limburg open B"]
[Site "Maastricht"]
[Date "2015.05.23"]
[Round "2"]
[White "Corneth, Erik"]
[Black "Boschmans, Jos"]
[Result "0-1"]
[WhiteElo "1984"]
[BlackElo "1853"]
[PlyCount "40"]
[EventDate "2015.05.22"]
[EventType "swiss"]
[EventRounds "7"]
[EventCountry "NED"]
[Source "P.Boonen"]
[SourceDate "2015.10.01"]

1. e4 c6 2. d4 d5 3. exd5 cxd5 4. Bd3 Nc6 5. c3 Qc7 6. Nf3 Bg4 7. O-O e6 8.
Nbd2 Nf6 9. Qa4 Bd6 10. b3 O-O 11. Ba3 a6 12. Bxd6 Qxd6 13. c4 b5 14. cxb5 axb5
15. Qxb5 Ra5 16. Bxh7+ Kxh7 17. Qd3+ Bf5 18. Qc3 Ne4 19. Nxe4 dxe4 20. Nh4 Rd5
0-1

[Event "BPB Limburg open B"]
[Site "Maastricht"]
[Date "2015.05.23"]
[Round "2"]
[White "Cromsight, Jeroen"]
[Black "Tangelder, Yonne"]
[Result "1/2-1/2"]
[WhiteElo "1981"]
[BlackElo "1887"]
[PlyCount "45"]
[EventDate "2015.05.22"]
[EventType "swiss"]
[EventRounds "7"]
[EventCountry "NED"]
[Source "P.Boonen"]
[SourceDate "2015.10.01"]

1. e4 c5 2. Nf3 d6 3. d4 cxd4 4. Nxd4 Nf6 5. Nc3 g6 6. Be2 Bg7 7. O-O O-O 8.
Bg5 Nc6 9. Nb3 Be6 10. f4 Qb6+ 11. Kh1 Rfd8 12. Nd5 Bxd5 13. exd5 Na5 14. Bh4
Rdc8 15. Bf2 Qc7 16. Nxa5 Qxa5 17. c4 Ne4 18. Bd4 Qd2 19. Bxg7 Kxg7 20. Qxd2
Nxd2 21. Rfc1 Ne4 22. Kg1 Rc7 23. b3 1/2-1/2